Asian strategic review 2016 : (Record no. 103589)

MARC details
000 -LEADER
fixed length control field 00620nam a22001937a 4500
005 - DATE AND TIME OF LATEST TRANSACTION
control field 20160922165949.0
010 ## - LCCN (DPL NO)
LC control number ENG-116088
020 ## - INTERNATIONAL STANDARD BOOK NUMBER
International Standard Book Number 9788182748835
Terms of availability 1295.00
035 ## - SYSTEM CONTROL NUMBER
System control number EN-99620
037 ## - SOURCE OF ACQUISITION
Source of stock number/acquisition DBAD/PUB
082 ## - DEWEY DECIMAL CLASSIFICATION NUMBER
Classification number 355.03305
245 ## - TITLE STATEMENT
Title Asian strategic review 2016 :
Statement of responsibility, etc edited by S.D. Muni [and] Vivek Chadha
Remainder of title terrosim : emerging trends /
260 ## - PUBLICATION, DISTRIBUTION, ETC. (IMPRINT)
Place of publication, distribution, etc New Delhi
Name of publisher, distributor, etc Pentagon Press
Date of publication, distribution, etc 2016
270 ## - ADDRESS
Address 206,Pecock Lane Shahpur Jat
City New Delhi
Postal code 110049
300 ## - PHYSICAL DESCRIPTION
Extent xiv,380p :
Dimensions 23cm (Hb)
Other physical details ill
500 ## - GENERAL NOTE
General note Includes index
700 ## - ADDED ENTRY--PERSONAL NAME
Personal name Muni,S.D.
942 ## - ADDED ENTRY ELEMENTS (KOHA)
Source of classification or shelving scheme Dewey Decimal Classification
Item type English Books
Classification part 355.03305
Call number suffix ASI
Holdings
Withdrawn status Lost status Not for loan Collection code Home library Current library Date acquired Source of acquisition Cost, normal purchase price Full call number Barcode Copy number Cost, replacement price Koha item type
      Non-fiction Patel Nagar Patel Nagar 22/09/2016 DBAD/PUB 1295.00 355.03305 ASI EN-99620 1 1295.00 English Books

© Delhi Public Library
Hit Counter
free hit counter